| 000 | 01087cam a22002895i 4500 | ||
|---|---|---|---|
| 999 |
_c20148 _d20120 |
||
| 001 | 016684251 | ||
| 003 | EG-ScBUE | ||
| 005 | 20210201151314.0 | ||
| 008 | 140218s2014 enk g 000 f eng d | ||
| 020 | _a9781780228716 (pbk.) | ||
| 040 |
_aStDuBDS _beng _erda _cStDuBDS _dEG-ScBUE _dEG-ScBUE |
||
| 082 | 0 | 4 |
_a813.54 _bWAL _222 |
| 100 | 1 |
_aWalker, Alice, _d1944- _eauthor. |
|
| 245 | 1 | 4 |
_aThe color purple / _cAlice Walker. |
| 264 | 1 |
_aLondon : _bWeidenfeld & Nicolson / Orion Books, _c2014. |
|
| 300 |
_axxi, 262 pages ; _c20 cm |
||
| 336 |
_atext _btxt _2rdacontent |
||
| 337 |
_aunmediated _bn _2rdamedia |
||
| 338 |
_avolume _bnc _2rdacarrier |
||
| 500 | _aOriginally published : New York : Harcourt Brace Jovanovich; 1983. | ||
| 520 | _aSet in the period between the world wars, this novel tells of two sisters, their trials, and their survival. | ||
| 650 | 7 |
_aAdult child sexual abuse victims. _zSouthern States _vFiction. _2BUEsh |
|
| 650 | 7 |
_aAfrican American women. _vFiction. _2BUEsh _921390 |
|
| 651 | _2BUEsh | ||
| 653 |
_bHHUUEENN _cJuly2015 _cFebruary2016 |
||
| 942 |
_2ddc _cBB |
||